[Event "POL-chT 2nd League"]
[Site "Jastrzebia Gora"]
[Date "2023.09.04"]
[Round "3.116"]
[White "Kielbratowski, Aleksander"]
[Black "Liberadzki, Slawomir"]
[Result "1/2-1/2"]
[WhiteElo "1969"]
[BlackElo "1958"]
[PlyCount "103"]
[EventDate "2023.09.02"]
[EventType "team-swiss"]
[EventRounds "9"]
[EventCountry "POL"]
[SourceTitle "EXT 2024"]
[Source "ChessBase"]
[SourceDate "2023.10.10"]
[SourceVersion "1"]
[SourceVersionDate "2023.10.10"]
[SourceQuality "1"]
[WhiteTeam "Lubsko Caissa"]
[BlackTeam "Skoczek Trojanski"]
[WhiteTeamCountry "POL"]
[BlackTeamCountry "POL"]

1. e4 c5 2. d4 cxd4 3. c3 d5 4. exd5 Qxd5 5. Nf3 Nc6 6. Be2 Nf6 7. cxd4 e6 8. Nc3 Qd6 9. 0-0 Be7 10. h3 0-0 11. Be3 Nb4 12. Qb3 b6 13. Rac1 Bb7 14. Ne5 a6 15. Rfd1 Nbd5 16. Bg5 b5 17. Bf3 Nxc3 18. Rxc3 Bxf3 19. Rxf3 Rac8 20. Bxf6 gxf6 21. Ng4 f5 22. Nh6+ Kh8 23. d5 Qe5 24. dxe6 Qxe6 25. Nxf5 Qxb3 26. Rxb3 Bf6 27. g3 Rfd8 28. Rbd3 Rxd3 29. Rxd3 Bxb2 30. Rd7 Ra8 31. Rxf7 a5 32. Rb7 b4 33. g4 Bc3 34. Ne3 Bd4 35. Rb5 Re8 36. Nd5 Re2 37. Rxa5 Rxf2 38. Kh1 Bc3 39. Ra7 Rd2 40. Nf4 Be5 41. Ne6 h6 42. g5 hxg5 43. Nxg5 Rh2+ 44. Kg1 Bd4+ 45. Kxh2 Bxa7 46. Kg3 Kg7 47. Kg4 Kf6 48. Nf3 Be3 49. h4 Ke6 50. h5 Kf6 51. Nh4 Bc1 52. Nf3 1/2-1/2

[Event "POL-chT 2nd League"]
[Site "Mrzezyno"]
[Date "2011.09.04"]
[Round "2"]
[White "Walkusz, Witoslaw"]
[Black "Kielbratowski, Aleksander"]
[Result "1/2-1/2"]
[WhiteElo "2150"]
[BlackElo "2089"]
[PlyCount "120"]
[EventDate "2011.09.03"]
[EventType "team-swiss"]
[EventRounds "9"]
[EventCountry "POL"]
[SourceTitle "EXT 2015"]
[Source "ChessBase"]
[SourceDate "2014.11.20"]
[SourceVersion "1"]
[SourceVersionDate "2014.11.20"]
[SourceQuality "1"]
[WhiteTeam "Gdynia Korsarz"]
[BlackTeam "Lubsko Caissa"]
[WhiteTeamCountry "POL"]
[BlackTeamCountry "POL"]

1. e4 e5 2. Nf3 Nc6 3. Bb5 a6 4. Bxc6 dxc6 5. 0-0 Qf6 6. d4 exd4 7. Qxd4 Qxd4 8. Nxd4 Bd7 9. Be3 0-0-0 10. Nd2 Re8 11. Rfe1 Nf6 12. f3 c5 13. N4b3 b6 14. Rad1 Be6 15. c3 h6 16. Bf2 g5 17. Nf1 Bg7 18. Ne3 g4 19. e5 Nd7 20. f4 f6 21. exf6 Nxf6 22. Bh4 h5 23. Bxf6 Bxf6 24. Nd2 Bd7 25. Nd5 Bd8 26. Nc4 Rxe1+ 27. Rxe1 Rf8 28. g3 b5 29. Ne5 Be8 30. a3 c6 31. Ne3 Bc7 32. Nc2 a5 33. h3 gxh3 34. Kh2 h4 35. Kxh3 hxg3 36. Kxg3 Rg8+ 37. Kf2 Rh8 38. Kg3 Bd8 39. Rf1 Rg8+ 40. Ng4 Bc7 41. Nce3 Bg6 42. Nh6 Rg7 43. Neg4 Be4 44. Re1 Bd3 45. Re8+ Kd7 46. Re3 c4 47. Kf3 Bc2 48. Nf6+ Kc8 49. Ne8 Bd1+ 50. Kf2 Bxf4 51. Nxg7 Bxh6 52. Re1 Bc2 53. Ne6 Kd7 54. Rh1 Bd2 55. Ke2 Bxc3 56. Nf8+ Ke7 57. bxc3 Kxf8 58. Rh6 Be4 59. Ke3 Bd5 60. Kd4 Ke7 1/2-1/2

[Event "POL-chT 2nd League"]
[Site "Mrzezyno"]
[Date "2011.09.03"]
[Round "1"]
[White "Kielbratowski, Aleksander"]
[Black "Konieczynski, Piotr"]
[Result "1-0"]
[WhiteElo "2089"]
[BlackElo "1906"]
[PlyCount "87"]
[EventDate "2011.09.03"]
[EventType "team-swiss"]
[EventRounds "9"]
[EventCountry "POL"]
[SourceTitle "EXT 2015"]
[Source "ChessBase"]
[SourceDate "2014.11.20"]
[SourceVersion "1"]
[SourceVersionDate "2014.11.20"]
[SourceQuality "1"]
[WhiteTeam "Lubsko Caissa"]
[BlackTeam "Znin Baszta II"]
[WhiteTeamCountry "POL"]
[BlackTeamCountry "POL"]

1. e4 e6 2. d4 d5 3. e5 c5 4. c3 Qb6 5. Nf3 Nc6 6. a3 c4 7. Be2 Bd7 8. 0-0 Na5 9. Nbd2 0-0-0 10. Rb1 f5 11. b3 cxb3 12. c4 Ne7 13. c5 Qc6 14. Nxb3 Nxb3 15. Qxb3 h6 16. a4 a6 17. Bd2 Qc7 18. Ba5 Qc6 19. Bxd8 Kxd8 20. Qxb7 Bc8 21. Qb6+ Ke8 22. Qa5 g5 23. Rb6 Qd7 24. Bxa6 Bxa6 25. Qxa6 Bg7 26. Rb7 Qc8 27. Rfb1 Kf7 28. Qd6 Re8 29. Rb8 Qc6 30. R8b7 Qxa4 31. h3 g4 32. R7b4 Qc2 33. hxg4 fxg4 34. Nh4 Bf8 35. Rb7 Ra8 36. R1b6 Qc1+ 37. Kh2 Qf4+ 38. g3 Qxf2+ 39. Ng2 Qf5 40. Ra6 Rxa6 41. Qxa6 Qc2 42. c6 h5 43. c7 Bh6 44. c8Q 1-0

[Event "POL-chT 2st League"]
[Site "Mrzezyno"]
[Date "2010.09.10"]
[Round "7.81"]
[White "Kielbratowski, Aleksander"]
[Black "Studzinski, Tadeusz"]
[Result "1-0"]
[WhiteElo "2122"]
[BlackElo "1986"]
[PlyCount "31"]
[EventDate "2010.09.04"]
[EventType "team-swiss"]
[EventRounds "9"]
[EventCountry "POL"]
[SourceTitle "EXT 2019"]
[Source "ChessBase"]
[SourceDate "2018.10.10"]
[SourceVersion "1"]
[SourceVersionDate "2018.10.10"]
[SourceQuality "1"]
[WhiteTeam "Lubsko Caissa"]
[BlackTeam "Chojnice UKS Osemka"]
[WhiteTeamCountry "POL"]
[BlackTeamCountry "POL"]

1. e4 e5 2. Nf3 Nc6 3. Nc3 Nf6 4. d4 exd4 5. Nd5 Nxd5 6. exd5 Nb4 7. Bc4 Qe7+ 8. Kf1 Qc5 9. Qe2+ Be7 10. Bg5 f6 11. Re1 fxg5 12. Nxg5 b5 13. Bb3 Bb7 14. Ne4 d3 15. cxd3 Qd4 16. Nd6+ 1-0

[Event "POL-chT 2nd League"]
[Site "Miedzyzdroje"]
[Date "2009.09.18"]
[Round "7"]
[White "Kielbratowski, Aleksander"]
[Black "Niemiec, Artur"]
[Result "1/2-1/2"]
[WhiteElo "2120"]
[BlackElo "2231"]
[PlyCount "97"]
[EventDate "2009.09.12"]
[EventType "team-swiss"]
[EventRounds "9"]
[EventCountry "POL"]
[SourceTitle "EXT 2019"]
[Source "ChessBase"]
[SourceDate "2018.10.10"]
[SourceVersion "1"]
[SourceVersionDate "2018.10.10"]
[SourceQuality "1"]
[WhiteTeam "Lubsko Caissa"]
[BlackTeam "Deblin Czarni"]
[WhiteTeamCountry "POL"]
[BlackTeamCountry "POL"]

1. e4 e5 2. Nf3 Nf6 3. Nc3 Bb4 4. d3 d5 5. Bd2 0-0 6. Be2 Nc6 7. 0-0 dxe4 8. Nxe4 Bxd2 9. Nfxd2 Nd4 10. Re1 Nxe2+ 11. Qxe2 Nd5 12. Nc4 f6 13. Rad1 Nf4 14. Qf3 Be6 15. Ne3 Qe7 16. a3 c5 17. Ng3 Qd7 18. Nh5 Nd5 19. Ng3 Kh8 20. Nxd5 Bxd5 21. Qh5 Be6 22. Re4 Bd5 23. Re3 Rad8 24. Rde1 g6 25. Qh4 g5 26. Qh6 Qg7 27. Qh3 Qg6 28. Ne4 b6 29. Nc3 Bb7 30. Ne2 Rfe8 31. Qg3 Re7 32. f4 gxf4 33. Nxf4 Qxg3 34. Rxg3 Rg8 35. Nh5 Rxg3 36. Nxg3 Rg7 37. Re2 Rg5 38. Ne4 Rg6 39. Nd6 Bd5 40. Rf2 a6 41. Nc8 Rg7 42. g3 Rf7 43. Nxb6 Kg7 44. Nc4 Rd7 45. Nd2 Kg6 46. g4 Rd6 47. h3 h5 48. Kh2 hxg4 49. hxg4 1/2-1/2

[Event "POL-chT 2nd League"]
[Site "Miedzyzdroje"]
[Date "2009.09.17"]
[Round "6"]
[White "Kielbratowski, Aleksander"]
[Black "Urbanski, Grzegorz"]
[Result "0-1"]
[WhiteElo "2120"]
[BlackElo "2207"]
[PlyCount "112"]
[EventDate "2009.09.12"]
[EventType "team-swiss"]
[EventRounds "9"]
[EventCountry "POL"]
[SourceTitle "EXT 2019"]
[Source "ChessBase"]
[SourceDate "2018.10.10"]
[SourceVersion "1"]
[SourceVersionDate "2018.10.10"]
[SourceQuality "1"]
[WhiteTeam "Lubsko Caissa"]
[BlackTeam "Mikolow AKS"]
[WhiteTeamCountry "POL"]
[BlackTeamCountry "POL"]

1. e4 e6 2. d4 d5 3. e5 c5 4. c3 Nc6 5. Nf3 Qb6 6. Bd3 Bd7 7. 0-0 cxd4 8. cxd4 Nxd4 9. Nxd4 Qxd4 10. Nc3 a6 11. Re1 Qb6 12. Qg4 h5 13. Qh4 Qb4 14. Qg5 Rc8 15. a3 Qg4 16. Qd2 Bc5 17. h3 Qh4 18. Qe2 Nh6 19. Qf3 g6 20. Bf4 Nf5 21. Ne2 Nd4 22. Nxd4 Bxd4 23. Bg3 Qg5 24. Bf4 Qe7 25. Rab1 Bb6 26. Qg3 Bd8 27. Rbc1 Bc6 28. b4 Qd7 29. Be3 Be7 30. Rc2 Bb5 31. Rxc8+ Qxc8 32. Rc1 Bc4 33. Bg5 Bxg5 34. Qxg5 b5 35. Qf6 Rf8 36. Bb1 Qd8 37. Qf3 Qg5 38. Qc3 d4 39. Qe1 Ke7 40. Rd1 Rd8 41. g3 h4 42. f4 Qxg3+ 43. Qxg3 hxg3 44. Kg2 d3 45. Rd2 g5 46. Kxg3 gxf4+ 47. Kxf4 Rd4+ 48. Ke3 Rh4 49. Rh2 Rh5 50. Kf4 Rf5+ 51. Ke4 Rf1 52. Ba2 Re1+ 53. Kd4 Re2 54. Bxc4 Rxh2 55. Bxd3 Rxh3 56. a4 Rxd3+ 0-1

[Event "POL-chT 2nd League"]
[Site "Lublin"]
[Date "2006.09.10"]
[Round "9.116"]
[White "Kielbratowski, Aleksander"]
[Black "Jusiak, Grzegorz"]
[Result "1-0"]
[WhiteElo "2153"]
[BlackElo "2198"]
[PlyCount "47"]
[EventDate "2006.09.02"]
[EventType "team-swiss"]
[EventRounds "9"]
[EventCountry "POL"]
[SourceTitle "EXT 2019"]
[Source "ChessBase"]
[SourceDate "2018.10.10"]
[SourceVersion "1"]
[SourceVersionDate "2018.10.10"]
[SourceQuality "1"]
[WhiteTeam "Lubsko Caissa"]
[BlackTeam "Lublin AZS UMCS II"]
[WhiteTeamCountry "POL"]
[BlackTeamCountry "POL"]

1. e4 e5 2. Nf3 Nc6 3. Nc3 Nf6 4. d4 exd4 5. Nd5 Be7 6. Nxd4 0-0 7. Nf5 Nxd5 8. exd5 Re8 9. Be2 Ne5 10. f4 Ng6 11. d6 cxd6 12. 0-0 Qa5 13. Bd3 Bf6 14. Kh1 Qc5 15. Bd2 b6 16. Rf3 Bb7 17. Rh3 Qd5 18. Qg4 Bxb2 19. Rg1 Rac8 20. Qh5 h6 21. c4 Rxc4 22. Bxc4 Qxd2 23. Qxg6 d5 24. Nxh6+ 1-0

[Event "POL-chT 2nd League"]
[Site "Lublin"]
[Date "2006.09.07"]
[Round "6.92"]
[White "Kmiecik, Wojciech"]
[Black "Kielbratowski, Aleksander"]
[Result "1-0"]
[WhiteElo "2045"]
[BlackElo "2153"]
[PlyCount "85"]
[EventDate "2006.09.02"]
[EventType "team-swiss"]
[EventRounds "9"]
[EventCountry "POL"]
[SourceTitle "EXT 2019"]
[Source "ChessBase"]
[SourceDate "2018.10.10"]
[SourceVersion "1"]
[SourceVersionDate "2018.10.10"]
[SourceQuality "1"]
[WhiteTeam "Przedwojow Debiut"]
[BlackTeam "Lubsko Caissa"]
[WhiteTeamCountry "POL"]
[BlackTeamCountry "POL"]

1. d4 Nf6 2. Nf3 g6 3. c4 Bg7 4. Nc3 0-0 5. e4 d6 6. Be2 Nc6 7. 0-0 e5 8. d5 Ne7 9. Ne1 Nd7 10. Be3 f5 11. f3 b6 12. b4 a5 13. Nd3 Ba6 14. Nb5 Nf6 15. Nc3 Bxc4 16. a4 c6 17. bxa5 cxd5 18. Bxb6 Qd7 19. Nf2 Bxe2 20. Qxe2 d4 21. Nb5 Rfc8 22. Rac1 Ne8 23. Nd3 Bh6 24. Rxc8 Qxc8 25. Qa2+ Kg7 26. Qa3 Be3+ 27. Kh1 Qc6 28. Nxe5 dxe5 29. Qxe7+ Kh6 30. Qxe5 Qc4 31. Ra1 Rc8 32. h4 f4 33. Bxd4 Bxd4 34. Nxd4 Rc5 35. Qxf4+ Kg7 36. Nb5 Nf6 37. a6 Rh5 38. a7 Nd5 39. Qg4 Nb6 40. g3 Rc5 41. Qd7+ Kh6 42. Qd2+ Kh5 43. Qe3 1-0

[Event "POL-chT 2nd League"]
[Site "Lublin"]
[Date "2006.09.02"]
[Round "1.98"]
[White "Kielbratowski, Aleksander"]
[Black "Babik, Tomasz"]
[Result "0-1"]
[WhiteElo "2153"]
[BlackElo "2254"]
[PlyCount "70"]
[EventDate "2006.09.02"]
[EventType "team-swiss"]
[EventRounds "9"]
[EventCountry "POL"]
[SourceTitle "EXT 2019"]
[Source "ChessBase"]
[SourceDate "2018.10.10"]
[SourceVersion "1"]
[SourceVersionDate "2018.10.10"]
[SourceQuality "1"]
[WhiteTeam "Lubsko Caissa"]
[BlackTeam "Miedzyborow Wrzos"]
[WhiteTeamCountry "POL"]
[BlackTeamCountry "POL"]

1. e4 c5 2. d4 cxd4 3. c3 dxc3 4. Nxc3 Nc6 5. Bc4 e6 6. Nf3 a6 7. 0-0 Nge7 8. Qe2 Ng6 9. Be3 b5 10. Bb3 Be7 11. Rfd1 0-0 12. Rac1 Bb7 13. Rd2 d6 14. Qd1 Rc8 15. a3 Na5 16. Ba2 Nc4 17. Bxc4 Rxc4 18. Nd4 Qa8 19. f3 Rfc8 20. Nb3 R4c7 21. Bb6 Rc6 22. Bf2 Bg5 23. Na5 R6c7 24. Rxd6 Bxc1 25. Qxc1 Ne5 26. Bd4 Ng6 27. Bb6 Re7 28. Qd2 h6 29. h4 Kh7 30. Rd7 Bc6 31. Rd6 e5 32. Bc5 Ree8 33. b4 Nxh4 34. Nxc6 Rxc6 35. Rd7 Rg6 0-1

[Event "Lasker Memorial op-A"]
[Site "Barlinek"]
[Date "2006.06.03"]
[Round "1"]
[White "Szoen, Dariusz"]
[Black "Kielbratowski, Aleksander"]
[Result "1-0"]
[WhiteElo "2440"]
[BlackElo "2153"]
[PlyCount "69"]
[EventDate "2006.06.03"]
[EventType "swiss"]
[EventRounds "9"]
[EventCountry "POL"]
[SourceTitle "CBM 112 Extra"]
[Source "ChessBase"]
[SourceDate "2006.07.14"]
[SourceVersion "1"]
[SourceVersionDate "2006.07.14"]
[SourceQuality "1"]

1. e4 e5 2. Nf3 f5 3. d4 fxe4 4. Nxe5 Nf6 5. Nc3 d6 6. Nc4 d5 7. Ne5 Be7 8. Be2 0-0 9. 0-0 Bf5 10. f4 c6 11. Be3 Bd6 12. h3 Qe8 13. g4 Bc8 14. Qe1 b6 15. Qh4 Be7 16. Qg3 Bb7 17. Rad1 Na6 18. g5 Nd7 19. Nxc6 Bd6 20. Ne5 Nc7 21. Nb5 Bxe5 22. dxe5 Nxb5 23. Bxb5 Qe7 24. Bd4 Nc5 25. f5 e3 26. Qxe3 Ne4 27. e6 Nxg5 28. Rd2 Ne4 29. Rg2 Nf6 30. Rf3 Kh8 31. Rfg3 Rg8 32. Qg5 Raf8 33. Rg4 g6 34. Qh6 Rg7 35. Rxg6 1-0